| 000 | 00984nam a22002897a 4500 | ||
|---|---|---|---|
| 001 | 7309 | ||
| 003 | FISKH | ||
| 005 | 20250709093125.0 | ||
| 008 | 250709b cb ||||| |||| 00| 0 eng d | ||
| 020 | _a9781848797185 | ||
| 040 |
_aFISKH _beng _cFISKH _dFISKH |
||
| 050 | _aPZ7 | ||
| 082 | _a398.2 | ||
| 100 | _aHitchens, Frances L. | ||
| 245 |
_aGoldilocks and the three bears / _cIllustrated by Sara Baker |
||
| 250 | _aThis edition published in 2010 | ||
| 260 |
_aNash Ville : _bCastle Street Press, _c2007 |
||
| 300 |
_a31 pages : _bcolor illustrations ; _c23 cm |
||
| 490 |
_aReady to read : _vLevel 1 |
||
| 505 | _aE | ||
| 520 | _aAn adaptation of the classic tale in which a tired and hungry little girl helps herself to the belongings of three bears in the woods. | ||
| 521 | 8 |
_a200
_bLexile estimate |
|
| 521 | 8 |
_aE
_bRaz-Plus |
|
| 650 |
_aFairy Tale _vLevel 1 Readers _xReady to Read _yClassic Stories |
||
| 942 |
_2ddc _cBK _n0 |
||
| 999 |
_c7309 _d7309 |
||